Finish the Lyrics - Believer - Statistics

General Stats
  • This quiz has been taken 132 times
  • The average score is 54 of 83
Answer Stats
Hint Answer % Correct
I'ma say all the words inside my ____ head
99%
_____ things _____ first
96%
The way that ______ have been, oh-ooh things
96%
The way that ______ have been, oh-ooh things
96%
I'm fired up and _____ of tired
94%
______ things ______ second
91%
Don't you tell me what you _____ that I could be think
89%
Singing from heartache from the ____ pain
85%
____! pain
85%
____! pain
85%
____! pain
85%
____! pain
85%
____! pain
85%
____! pain
85%
____! pain
85%
____! pain
85%
____! pain
85%
____! pain
85%
____! pain
85%
____! pain
85%
I'm the master of my ___, oh-ooh sea
83%
The master of my ___, oh-ooh sea
83%
That look at __, took to __, shook at __, feelin' __ me
82%
________, ________ believer
78%
________, ________ believer
78%
________, ________ believer
78%
________, ________ believer
78%
________, ________ believer
78%
________, ________ believer
78%
________, ________ believer
78%
________, ________ believer
78%
________, ________ believer
78%
I was ______ from a young age broken
76%
I'm the one at the ____ sail
71%
Seeing the ______ through the... beauty
66%
Writing my _____ for the few poems
66%
You ____ me a, you ____ me a made
64%
You ____ me a, you ____ me a made
64%
You ____ me a, you ____ me a made
64%
You ____ me a, you ____ me a made
64%
You ____ me a, you ____ me a made
64%
You ____ me a, you ____ me a made
64%
You _____ me down, you build me up break
61%
You _____ me down, you build me up break
61%
You _____ me down, you build me up break
61%
Taking my message from the _____ veins
60%
The blood in my _____, oh-ooh veins
60%
The blood in my _____, oh-ooh veins
60%
Speaking my lesson from the _____ brain
57%
Inhibited, limited 'til it broke open and rained ____ down
57%
It rained ____, like… down
57%
Inhibited, limited 'til it broke open and rained ____ down
57%
It rained ____, like… down
57%
Taking my sulkin' to the ______ masses
57%
Falling like ashes to the ______ ground
55%
_____ things _____ third
55%
__ came from… it
54%
__ came from… it
54%
__ came from… it
54%
My ____, love
53%
My ____, love
53%
My ____, love
53%
But they never ___, ever lived, ebbin' and flowin' did
50%
But they never ___, ever lived, ebbin' and flowin' did
50%
Your spirit up _____, oh-ooh above
48%
Oh, let the _______ fly, oh, let them rain bullets
48%
Oh, let the _______ fly, oh, let them rain bullets
48%
Oh, let the _______ fly, oh, let them rain bullets
48%
____ things ____ last
46%
Hoping my feelings, they would _____ drown
45%
Has turned your spirit to a ____, oh-ooh dove
43%
Send a ______ to the ones up above prayer
43%
My ____, life
41%
My ____, life
41%
My ____, life
41%
Building my rain up in the _____ cloud
40%
All the ____ that you've heard hate
36%
You're the face of the ______ future
32%
My _____, drive
30%
My _____, drive
30%
My _____, drive
30%
By the _____ of the fire and the flames grace
27%
I was chokin' in the _____ crowd
21%
No matching quizzes found
Score Distribution
Percent of People with Each Score
Percentile by Number Answered
Your Score History
You have not taken this quiz